Avatar: Names of the Known Avatars - Statistics

General Stats
  • This quiz has been taken 666 times
    661 since last reset
  • The average score is 5 of 6
Answer Stats
Hint Answer % Correct
Air Aang
97%
Fire Roku
97%
Water Korra
95%
Earth Kyoshi
94%
Air Yangchen
71%
Water Kuruk
67%
No matching quizzes found
Score Distribution
Percent of People with Each Score
Percentile by Number Answered
Your Score History
You have not taken this quiz since the last reset